000 00685nam a2200193 i 4500
001 96749
003 ES-MaACL
007 t|
008 050630s1982 sp ||||1| spa d
100 1 _aMancho Duque, María Jesús.
_975924
245 1 3 _aEl símbolo de la noche en San Juan de la Cruz
_b: estudio léxico-semántico /
_cMaría Jesús Mancho Duque.
260 _aSalamanca :
_bUniversidad de Salamanca,
_c1982.
300 _a324 p. ;
_c24 cm.
490 1 _aActa Salmanticensia. Filosofía y letras ;
_v140
710 2 _aUniversidad de Salamanca.
_97275
830 0 0 _aActa Salmanticensia
_v140
_9181394
852 _aES-MaACL
_jL-4086
_bR.104814
999 _c96749
_d96749